| 000 | 00405nam a2200145Ia 4500 | ||
|---|---|---|---|
| 008 | 220217s9999||||xx |||||||||||||| ||und|| | ||
| 020 | _a81-7722-526-X | ||
| 082 | _a410 RIO | ||
| 100 |
_aRiordan, Daniel, G and Pauley, Steven, E _95863 |
||
| 245 | 0 | _aTechnical report writing today | |
| 250 | _a8th | ||
| 260 |
_aBiztantra _bNew Delhi _c2007 |
||
| 300 | _b249 | ||
| 650 |
_aGENERAL KNOWLEDGE _93314 |
||
| 999 |
_c177036 _d177036 |
||